<?xml version="1.0" encoding="UTF-8"?><?xml-stylesheet type="text/xsl" href="static/style.xsl"?><OAI-PMH xmlns="http://www.openarchives.org/OAI/2.0/" xmlns:xsi="http://www.w3.org/2001/XMLSchema-instance" xsi:schemaLocation="http://www.openarchives.org/OAI/2.0/ http://www.openarchives.org/OAI/2.0/OAI-PMH.xsd"><responseDate>2026-06-01T02:16:55Z</responseDate><request verb="GetRecord" identifier="oai:riuma.uma.es:10630/37023" metadataPrefix="marc">https://riuma.uma.es/rest/oai/request</request><GetRecord><record><header><identifier>oai:riuma.uma.es:10630/37023</identifier><datestamp>2026-02-03T10:56:21Z</datestamp><setSpec>com_10630_2254</setSpec><setSpec>col_10630_37953</setSpec></header><metadata><record xmlns="http://www.loc.gov/MARC21/slim" xmlns:dcterms="http://purl.org/dc/terms/" xmlns:doc="http://www.lyncode.com/xoai" xmlns:xsi="http://www.w3.org/2001/XMLSchema-instance" xsi:schemaLocation="http://www.loc.gov/MARC21/slim http://www.loc.gov/standards/marcxml/schema/MARC21slim.xsd">
   <leader>00925njm 22002777a 4500</leader>
   <datafield ind2=" " ind1=" " tag="042">
      <subfield code="a">dc</subfield>
   </datafield>
   <datafield ind2=" " ind1=" " tag="720">
      <subfield code="a">Guerrero-Navarro, Daniel</subfield>
      <subfield code="e">author</subfield>
   </datafield>
   <datafield ind2=" " ind1=" " tag="720">
      <subfield code="a">Ruiz-Mora, Isabel María</subfield>
      <subfield code="e">author</subfield>
   </datafield>
   <datafield ind2=" " ind1=" " tag="260">
      <subfield code="c">2022-12-28</subfield>
   </datafield>
   <datafield ind2=" " ind1=" " tag="520">
      <subfield code="a">Este  artículo  aborda  la  experiencia  académica  y  profesional  de  las  profesoras  que impartenmaterias  de  relaciones  públicas  en  las  universidades  de  España.  En  concreto  se analiza el caso de las universidades andaluzas con el fin de evaluar su afinidad y pertinencia a los contenidos de los planes de estudio, así como su situación laboral. Andalucía representa la región más poblada de España y concentra gran parte de la oferta nacional de grado. Mediante una  metodología  descriptiva,  a  través  del  análisis  de  contenido,  se  han  estudiado  3 parámetros: docencia, investigación y experiencia académica y profesional de las docentes, comparando  además  su  situación  con  la  de  los  hombres.  Las  fuentes  de  información empleadas han sido las webs de las universidades y la información disponible en ORCID, Google Académico, LinkedIn, Academia y Researchgate. Como resultados nos encontramos con un equipo de docentes feminizado, con contratos temporales y con asignaturas muy fragmentadas; con experiencia docente e investigadora pertinente al área, aunque con escasa trayectoria  profesional.  Los  hombres  acaparan  los  puestos  más  estables.  Se  observa  una desigual  carga  docente  en  el  área  entre  las  distintas  universidades  andaluzas.  Como conclusión planteamos que el establecimiento de criterios que permitieran consolidar a las mujeres  y  al  profesorado  en  su  puesto  laboral  y  en  la  elección  estable  de  materias  de relaciones públicas, facilitarían la conciliación, la mejora y pertinencia de la calidad docente e investigadora  del  profesorado  andaluz.  Es  necesario  seguir  trabajando  para  mejorar  la igualdad laboral de las mujeres y su acceso a la carrera académica en las mismas condiciones que sus compañeros.</subfield>
   </datafield>
   <datafield ind1="8" ind2=" " tag="024">
      <subfield code="a">Guerrero Navarro, D., &amp; Ruiz-Mora, I. (2022). Situación de las profesoras de relaciones públicas en España: el caso de las universidades andaluzas. Revista Internacional De Relaciones Públicas, 12(24), 23–44. https://doi.org/10.5783/revrrpp.v12i24.785</subfield>
   </datafield>
   <datafield ind1="8" ind2=" " tag="024">
      <subfield code="a">2174-3681</subfield>
   </datafield>
   <datafield ind1="8" ind2=" " tag="024">
      <subfield code="a">https://hdl.handle.net/10630/37023</subfield>
   </datafield>
   <datafield ind1="8" ind2=" " tag="024">
      <subfield code="a">10.5783/revrrpp.v12i24.785</subfield>
   </datafield>
   <datafield tag="653" ind2=" " ind1=" ">
      <subfield code="a">Relaciones públicas - Estudio y enseñanza</subfield>
   </datafield>
   <datafield ind2="0" ind1="0" tag="245">
      <subfield code="a">Situación de las profesoras de relaciones públicas en España: el caso de las universidades andaluzas</subfield>
   </datafield>
</record>
</metadata></record></GetRecord></OAI-PMH>